000 00765nam a22001815i 4500
001 164239
003 ES-MaACL
005 20230906212910.0
008 990629s1875 sp |||| | spa d
040 _aCCPB | B
_bspa
_cCCPB | B
100 1 _aSabau y Dumas, Tomás.
_9132254
245 1 3 _aLa mineria
_b: la ley del Ramo y la necesidad de su reforma /
_cpor Tomás Sabau y Dumas.
260 _aMadrid :
_b[s.n.],
_c1875 (
_fEstablecimiento tip. de Enrique Vicente)
300 _a2 v. (152 ; 53 p.) ;
_c23 cm.
510 4 _aPALAU,
_c283807
650 _aMinas-
_xDerecho y legislación-
_zEspaña.
_9175982
852 _aES-MaACL
_jT-906-F-5
_z-- Enc. hol. conservando la cub. original
_z-- Dedic. ms. del autor a Federico Botella
_q-- Contiene unicamente las 152 p.
999 _c164239
_d164239